| 000 | 00391 a2200109 4500 | ||
|---|---|---|---|
| 001 | 57687 | ||
| 090 |
_c35368 _d35368 |
||
| 245 | _aElectrical components Part III: Transformer, relays, and motors 15min [DVd video] | ||
| 260 |
_aPrinceton, NJ _bFilms media group _c2006 |
||
| 500 | _aCD/DVD Video | ||
| 600 | _alinks: films for the huminities & sciences ; cambridge educational ; meridian education | ||
| 942 |
_aNUST-CAE _k80284 |
||
| 999 |
_c292760 _d292760 |
||